[Event "Montpellier"]
[Site "Montpellier"]
[Date "1993.??.??"]
[Round "?"]
[White "Slobodjan, Roman"]
[Black "Hamdouchi, Hichem"]
[Result "1-0"]
[WhiteElo "2435"]
[BlackElo "2455"]

1.e4 c5 2.Nf3 Nc6 3.Bb5 g6 4.O-O Bg7 5.Bxc6 dxc6 6.d3 e5 7.Nbd2 f6 8.b3 Nh6
9.Bb2 O-O 10.Nc4 Be6 11.Qe2 Nf7 12.h3 Qc7 13.Kh1 Rae8 14.Rae1 f5 15.exf5 Bxc4
16.f6 Bxd3 17.cxd3 Bxf6 18.Nh2 Re7 19.Ng4 Bg7 20.f4 h5 21.Nh2 Nd6 22.g4 hxg4
23.Bxe5 Bxe5 24.fxe5 Rxf1+ 25.Nxf1 Nf5 26.hxg4 Nd4 27.Qe4 Qd7 28.Qxg6+ Rg7
29.e6 Qe7 30.Qe4 Qh4+ 31.Nh2 Rh7 32.Qg6+ Rg7 33.Qe8+ Kh7 34.Re5 Rg5 35.Qf7+  1-0

[Event "Muenster op"]
[Site "Muenster"]
[Date "1993.??.??"]
[Round "2"]
[White "Kveinys, Aloyzas"]
[Black "Altgelt, Alexander"]
[Result "1-0"]
[WhiteElo "2535"]
[BlackElo "2125"]

1.e4 c5 2.Nf3 Nc6 3.Bb5 d6 4.O-O Bd7 5.Re1 a6 6.Bf1 Nf6 7.c3 Qc7 8.h3 g6
9.d4 e5 10.dxc5 dxc5 11.Bg5 Bg7 12.Nbd2 O-O 13.Nc4 Be6 14.Qc2 b5 15.Ne3 Rfd8
16.a4 c4 17.Nd5 Bxd5 18.exd5 Ne7 19.Rxe5 Nexd5 20.axb5 axb5 21.Rxa8 Rxa8
22.Bxf6 Nxf6 23.Rxb5 Ra1 24.Rb4 Bh6 25.Qe2 Nd5 26.Rxc4  1-0

[Event "Muenster op"]
[Site "Muenster"]
[Date "1993.??.??"]
[Round "5"]
[White "Kersten, Uwe"]
[Black "Kishnev, Sergey"]
[Result "1/2-1/2"]
[WhiteElo "2350"]
[BlackElo "2500"]

1.e4 c5 2.Nf3 Nc6 3.Bb5 e6 4.O-O Nge7 5.Nc3 a6 6.Bxc6 Nxc6 7.d4 cxd4 8.Nxd4 d6
9.Re1 Bd7 10.a4 Be7 11.Nxc6 Bxc6 12.Qg4 O-O 13.Bh6 Bf6 14.Rad1 Bxc3 15.e5 Bxe5
16.Rxe5 g6 17.Bxf8 Qxf8 18.Re2 d5 19.Qd4 Qg7 20.Qxg7+ Kxg7 21.a5 Rc8 22.c3 Bb5
23.Re3 Rc5 24.b4 Rc7 25.f4 h5 26.Kf2 Kf6 27.g3 Ba4 28.Rd2 Bb3 29.Kf3 Ke7
30.h3 Rc8 31.Rd4 Kd6 32.g4  1/2-1/2

[Event "Munich op9293"]
[Site "Munich"]
[Date "1993.??.??"]
[Round "7"]
[White "Arkhipov, Sergey"]
[Black "Kozul, Zdenko"]
[Result "1/2-1/2"]
[WhiteElo "2485"]
[BlackElo "2540"]

1.e4 c5 2.Nf3 Nc6 3.Bb5 Na5 4.O-O a6 5.Be2 e6 6.c3 Nf6 7.e5 Nd5 8.d4 cxd4
9.cxd4 b5 10.Bg5 Qb6 11.Nc3 Bb7 12.Ne4 h6 13.Bd2 Nc4 14.Bxc4 bxc4 15.Rc1 Nb4
16.Bxb4 Bxb4 17.Ned2 Bxd2 18.Nxd2 Bd5 19.Nxc4 Bxc4 20.Rxc4 Qxb2 21.Qa4 Qb5
22.Rfc1 Qxa4 23.Rxa4 Ke7 24.Kf1 Rhb8 25.Rc2 f6 26.Ke2 Rb5  1/2-1/2

[Event "Nabereznye Chelny"]
[Site "Nabereznye Chelny"]
[Date "1993.??.??"]
[Round "?"]
[White "Arkhipov, Sergey"]
[Black "Filipenko, Alexander V"]
[Result "1/2-1/2"]
[WhiteElo "2515"]
[BlackElo "2395"]

1.e4 c5 2.Nf3 Nc6 3.Bb5 e6 4.O-O Nge7 5.c3 a6 6.Ba4 b5 7.Bc2 Bb7 8.Re1 Ng6
9.d4 cxd4 10.cxd4 Bb4 11.Nc3 O-O 12.a4 Nce7 13.Bd2 f5 14.axb5 Bxc3 15.bxc3 axb5
16.Rb1 Bxe4 17.Bxe4 fxe4 18.Ng5 Nd5 19.Qh5 Nf6 20.Qh3 h6 21.Nxe4 Nxe4 22.Rxe4 Qf6
23.Re2  1/2-1/2

[Event "FRA-ch (Women)"]
[Site "Nantes"]
[Date "1993.??.??"]
[Round "3"]
[White "Coudari, Camille"]
[Black "Gatine, Aurelia"]
[Result "0-1"]
[WhiteElo "2000"]
[BlackElo "2070"]

1.e4 c5 2.Nf3 Nc6 3.Bb5 d6 4.O-O Bg4 5.Re1 e6 6.c3 Be7 7.d4 cxd4 8.cxd4 a6
9.Be2 Nf6 10.d5 Bxf3 11.Bxf3 Ne5 12.Qb3 exd5 13.exd5 Nfd7 14.Be4 O-O 15.Qh3 Ng6
16.Nc3 Nc5 17.Bf5 Nh4 18.Bc2 f5 19.Bf4 g5 20.Qg3 Ng6 21.Bd2 Rf7 22.f4 g4
23.Qe3 Nd7 24.Kh1 Rc8 25.Bb3 b5 26.Rac1 Nc5 27.Bc2 b4 28.Ne2 a5 29.Nd4 Qd7
30.Ne6 Qb7 31.Nxc5 dxc5 32.Qd3 Qd7 33.Re6 Rd8 34.Qe3 Qxd5 35.Rxe7 Nxe7 36.Bb3 Qxd2
37.Qxd2 Rxd2 38.Bxf7+ Kxf7  0-1

[Event "FRA-ch"]
[Site "Nantes"]
[Date "1993.??.??"]
[Round "9"]
[White "Relange, Eloi"]
[Black "Etchegaray, Patrice"]
[Result "1-0"]
[WhiteElo "2365"]
[BlackElo "2410"]

1.e4 c5 2.Nf3 Nc6 3.Bb5 e5 4.d3 Nge7 5.a4 Ng6 6.O-O Be7 7.c3 O-O 8.d4 cxd4
9.cxd4 exd4 10.Nxd4 Bf6 11.Be3 a6 12.Bc4 d6 13.Nc3 Nge5 14.Be2 Nxd4 15.Bxd4 Nc6
16.Be3 Be6 17.Nd5 Bxd5 18.Qxd5 Qe7 19.Rab1 Nb4 20.Qd2 a5 21.Rfd1 Qxe4 22.Bf3 Qc2
23.Qxc2 Nxc2 24.Bb6 Be5 25.Rd5 Ra6 26.Bxa5 b6 27.Bc3 Rxa4 28.Rxe5 dxe5 29.Bd1 Ra1
30.Bxc2 Rxb1+ 31.Bxb1 Ra8 32.Bd3 e4 33.Bf1 Ra1 34.g4 Ra8 35.Bd4 Ra4 36.Bc3 Ra8
37.Kg2 Re8 38.Bd4 Re6 39.h4 Rg6 40.Kg3 f5 41.g5 h6 42.Kf4 hxg5+ 43.hxg5 Rd6
44.Ke5  1-0

[Event "Maccabiah"]
[Site "Netanya"]
[Date "1993.??.??"]
[Round "3"]
[White "Manor, Ilan"]
[Black "Zilberman, Yaacov"]
[Result "1-0"]
[WhiteElo "2465"]
[BlackElo "2475"]

1.e4 c5 2.Nf3 Nc6 3.Bb5 g6 4.O-O Bg7 5.Re1 e5 6.c3 Nge7 7.d4 exd4 8.cxd4 cxd4
9.Bf4 a6 10.Bc4 b5 11.Bd5 Bb7 12.Bd6 O-O 13.Nbd2 h6 14.Nb3 Re8 15.Nc5 Ra7
16.Bxf7+ Kxf7 17.Qb3+ Kf8 18.Nh4 Bf6 19.Nxg6+ Kg7 20.Nf4 Nc8 21.Qg3+ Kh8
22.Bc7 Qxc7 23.Ng6+ Kh7 24.Qxc7 Ba8 25.Qf4 Kxg6 26.Qf5+ Kg7 27.Nxd7 Bg5 28.h4 Bxh4
29.Qg4+ Kh7 30.e5 Rg8 31.Qe4+ Kh8 32.e6 Be7 33.Rad1 Nd6 34.Qf4 Kh7 35.Rd3 Rc7
36.Rh3 Rg6 37.Nf8+ Bxf8 38.Qxf8 Nc8 39.f4 N6e7 40.f5 Rxg2+ 41.Kf1 Ng8 42.e7 Ncxe7
43.f6 Nf5 44.Qxa8 Rg5 45.Qf8 Ne3+ 46.Ke2 Rc2+ 47.Kd3 Rgg2 48.Reh1 Nf5 49.Rd1 Rcf2
50.f7 Nge7 51.Qa8  1-0

[Event "Maccabiah"]
[Site "Netanya"]
[Date "1993.??.??"]
[Round "3"]
[White "D'Israel, Davy"]
[Black "Maryasin, Boris"]
[Result "1-0"]
[WhiteElo "2285"]
[BlackElo "2380"]

1.e4 c5 2.Nf3 Nc6 3.Bb5 g6 4.O-O Bg7 5.Re1 Nf6 6.Bxc6 bxc6 7.e5 Nd5 8.c4 Nc7
9.Nc3 O-O 10.d3 Ne6 11.Ne4 d5 12.Ng3 Nd4 13.Nxd4 cxd4 14.b3 a5 15.Ba3 dxc4
16.bxc4 Qc7 17.f4 f6 18.exf6 Bxf6 19.Qd2 Rf7 20.Ne4 Bg7 21.Rf1 Bh6 22.Ng5 Rf5
23.Rae1 c5 24.Bc1 e5 25.g4 Rf8 26.Rxe5 Bxg4 27.Qg2 Bf5 28.Rxf5 Rxf5 29.Qxa8+ Bf8
30.Re1 Qd7 31.Qe4 Rf6 32.Qd5+ Qxd5 33.cxd5 Rd6 34.Ne4 Rd8 35.Ba3 Kf7 36.Ng5+ Kg8
37.Ne4 Kf7 38.d6 Bxd6 39.Nxd6+ Rxd6 40.Bxc5 Rc6 41.Re5 a4 42.Kf2 Rc7 43.Kf3 Rb7
44.Bxd4 Rb1 45.Ra5 Rd1 46.Ke4 Rd2 47.Rxa4 Rxh2 48.Ra7+ Ke6 49.Ra6+ Kd7 50.Kd5  1-0

[Event "Maccabiah playoff"]
[Site "Netanya"]
[Date "1993.??.??"]
[Round "15"]
[White "Oratovsky, Michael"]
[Black "Manor, Ilan"]
[Result "0-1"]
[WhiteElo "2340"]
[BlackElo "2465"]

1.e4 c5 2.Nf3 Nc6 3.Bb5 g6 4.Bxc6 bxc6 5.O-O Bg7 6.Re1 e5 7.c3 Ne7 8.d4 cxd4
9.cxd4 exd4 10.Nxd4 O-O 11.Nc3 Rb8 12.Nb3 d5 13.Be3 dxe4 14.Bxa7 Rb7 15.Bc5 Rd7
16.Qe2 f5 17.f3 Re8 18.fxe4 Nd5 19.Qc4 fxe4 20.Nxe4 Bxb2 21.Bd4 Bxd4+ 22.Nxd4 Kg7
23.Nxc6 Qb6+ 24.Nf2 Rf8 25.Qd4+ Qxd4 26.Nxd4 Ra7 27.a4 Rf4 28.Re4 Rf6 29.Re5 Nc3
30.Rc5 Rxf2 31.Rxc3 Rf8 32.Rac1 Rxa4 33.Rc7+ Kh6 34.Nf3 Be6 35.Re7 Bd5 36.Ne5 Ra2
37.Ng4+ Kg5 38.Ne3 Ba8 39.h3 Rff2 40.Rc5+ Kf6 41.Re8 Rfe2 42.Ng4+ Kf7 43.Rxe2 Rxe2
44.Rc7+ Ke6 45.Rc8 Rxg2+ 46.Kf1 Bf3 47.Re8+ Kf5 48.Ne3+ Kf4 49.Nxg2+  0-1

[Event "USA-chJ playoff"]
[Site "New York"]
[Date "1993.??.??"]
[Round "?"]
[White "Kreiman, Boris"]
[Black "Waitzkin, Joshua"]
[Result "1-0"]
[WhiteElo "2400"]
[BlackElo "2370"]

1.e4 c5 2.Nf3 Nc6 3.Bb5 e6 4.O-O Nge7 5.b3 a6 6.Bxc6 Nxc6 7.Bb2 d6 8.d4 cxd4
9.Nxd4 Bd7 10.Re1 Qg5 11.Nd2 Nxd4 12.Bxd4 Bc6 13.Re3 e5 14.Bb6 Be7 15.Nc4 Qg6
16.Bc7 O-O 17.f3 b5 18.Na5 Bd7 19.Rd3 Bh3 20.g3 Rac8 21.Bxd6 Bxd6 22.Rxd6 Qg5
23.Qd3 f5 24.Nc6 Kh8 25.Nxe5 fxe4 26.Qxe4 Bf5 27.Qd4 Bxc2 28.Rd7 Bg6 29.Re1 Qf6
30.Rd6 Rfd8 31.Rd1 Rxd6 32.Qxd6 Bc2 33.Rd2 Bb1 34.Qd7 Bf5 35.Qd6 h6 36.Qxf6 gxf6
37.Nf7+ Kg7 38.Nd6 Rc1+ 39.Kf2 Be6 40.Re2 Bd5 41.Nf5+ Kh7 42.Re7+ Kg6 43.g4 Kg5
44.h4+ Kf4 45.Nd4 Bxf3 46.Nxf3 Kxg4 47.Re4+ Kf5 48.Re2 Kg4 49.Re4+ Kf5 50.Rd4 Ra1
51.a4 bxa4 52.Rxa4 Rb1 53.Rxa6 Rb2+ 54.Ke1 Kg4 55.Nd4 Kxh4 56.Rxf6 Kg5 57.Rf2 Rb1+
58.Kd2 h5 59.Kc2 Rg1 60.Kb2 Rd1 61.Rg2+ Kf4 62.Ne6+ Kf3 63.Rg7 h4 64.b4 Ke3
65.Kb3 Rh1 66.Ng5 h3 67.Nxh3 Rxh3 68.Rg4 Kd2+ 69.Ka4 Kc3 70.b5 Rh1 71.Ka5  1-0

[Event "USA-chJ New York"]
[Site "New York"]
[Date "1993.??.??"]
[Round "?"]
[White "Garber, Stanislav"]
[Black "Levitan, Yuliya"]
[Result "1/2-1/2"]
[WhiteElo "2375"]
[BlackElo "2270"]

1.e4 c5 2.Nf3 Nc6 3.Bb5 g6 4.O-O Nf6 5.e5 Nd5 6.c3 Bg7 7.d4 cxd4 8.cxd4 O-O
9.Nc3 Nc7 10.Bf4 Nxb5 11.Nxb5 a6 12.Nc3 d6 13.exd6 exd6 14.Bg5 f6 15.Bf4 Bg4
16.h3 Bxf3 17.Qxf3 f5 18.Qd5+ Rf7 19.Rad1 Qf6 20.Qc4 Re8 21.Rfe1 Rxe1+ 22.Rxe1 Qxd4
23.Re8+ Bf8 24.Qxd4 Nxd4 25.Bh6 Ne6 26.Nd5 Ng7 27.Rc8 Ne6 28.f4 Ng7 29.g4 fxg4
30.hxg4 b5 31.b4 Ra7 32.Nf6+ Kf7 33.Nxh7 Be7 34.Kg2 a5 35.a3 axb4 36.axb4 Ra2+
37.Kf3 Ra3+ 38.Kg2 Ra2+ 39.Kh3 Ra3+ 40.Kg2  1/2-1/2

[Event "USA-chJ New York"]
[Site "New York"]
[Date "1993.??.??"]
[Round "?"]
[White "Zamora, Jorge"]
[Black "Levitan, Yuliya"]
[Result "1-0"]
[WhiteElo "2270"]
[BlackElo "2270"]

1.e4 c5 2.Nf3 Nc6 3.Bb5 g6 4.c3 Nf6 5.e5 Nd5 6.d4 cxd4 7.Qb3 e6 8.Bg5 Be7
9.Bxe7 Qxe7 10.O-O dxc3 11.bxc3 O-O 12.c4 Nb6 13.Qe3 f6 14.a4 Na5 15.Qc3 a6
16.Qxa5 Qc5 17.Nbd2 axb5 18.Qxb5 Qxb5 19.axb5 Rxa1 20.Rxa1 fxe5 21.c5 Nd5
22.Nxe5 b6 23.c6 dxc6 24.bxc6 b5 25.Nb3 b4 26.g3 g5 27.Nd4 Nc3 28.Ra8 Kg7
29.Nc4 Rd8 30.Nxe6+ Bxe6 31.Rxd8 Bxc4 32.Rd7+ Kf8 33.c7 Ba6 34.Rd6 Ne2+ 35.Kf1 Nxg3+
36.Kg2 Bb7+ 37.Kxg3 Ke7 38.Rd8  1-0

[Event "New York Enhance"]
[Site "New York"]
[Date "1993.??.??"]
[Round "2"]
[White "Klovsky, Rafail"]
[Black "Waitzkin, Joshua"]
[Result "1-0"]
[WhiteElo "2365"]
[BlackElo "2370"]

1.e4 c5 2.Nf3 Nc6 3.Bb5 g6 4.c3 Nf6 5.e5 Nd5 6.O-O Bg7 7.d4 cxd4 8.cxd4 O-O
9.Nc3 Nc7 10.Bf4 Nxb5 11.Nxb5 a6 12.Nc3 b5 13.Rc1 Bb7 14.d5 Na5 15.b3 Rc8
16.Qd2 e6 17.Bg5 f6 18.exf6 Bxf6 19.Bxf6 Qxf6 20.Ne4 Qf4 21.Rxc8 Bxc8 22.Qxf4 Rxf4
23.Nd6 Bb7 24.Nxb7 Nxb7 25.dxe6 dxe6 26.Rc1 Rf8 27.h4 Rd8 28.Rc7 Nd6 29.Ng5 Nf5
30.Nxh7 Rd1+ 31.Kh2 Rd2 32.g4 Nd6 33.Nf6+ Kf8 34.Kg2 Rxa2 35.g5 Nf5 36.h5 gxh5
37.Nxh5 a5 38.Nf4 a4 39.Nxe6+ Kg8 40.bxa4 Rxa4 41.Rc5 Nd6 42.Rd5 Ra6 43.Nc5 Rc6
44.Kf3 Kf7 45.Kg4 b4 46.f4 Nc4 47.Kh5 Ne3 48.g6+ Kg7 49.Rd7+ Kg8 50.Ne4 b3
51.Rb7 Nd5 52.Kh6 Rc8 53.Ng5  1-0

[Event "New York op"]
[Site "New York"]
[Date "1993.??.??"]
[Round "3"]
[White "Cherniaev, Alexander"]
[Black "Colure, Thomas Sean"]
[Result "1-0"]
[WhiteElo "2435"]
[BlackElo "2255"]

1.e4 c5 2.Nf3 Nc6 3.Bb5 Qc7 4.O-O e6 5.Re1 Nge7 6.c3 a6 7.Ba4 b5 8.Bc2 d5
9.a4 b4 10.d4 c4 11.Nbd2 Bb7 12.e5 b3 13.Bb1 g6 14.Nf1 h6 15.h3 O-O-O 16.g4 Bg7
17.Ng3 Rdg8 18.Nh4 Kb8 19.Ng2 Bc8 20.f4 Bf8 21.Qf3 Qd8 22.Re2 Bd7 23.a5 Nc8
24.f5 gxf5 25.gxf5 Be7 26.f6 Bf8 27.Nh5 Kb7 28.Kh2 N8a7 29.Bf4 Nb5 30.Rd2 Nxa5
31.Ne3 Nc6 32.Ng4 a5 33.Qe3 Qa8 34.Nxh6 Bxh6 35.Bxh6 a4 36.Ng3 a3 37.Bg7 a2
38.Bxh8 axb1=Q 39.Rxb1 Rxh8 40.Rg1 Rh4 41.Ne2 Qh8 42.Rg7 Qh5 43.Nf4 Qf5 44.Rf2 Be8
45.Qg3 Rh6 46.Rg8 Bd7 47.Qg7 Rh7 48.Qf8 Nc7 49.Rg7 Be8 50.Rxh7 Qxh7 51.Qg7 Qe4
52.Qg2 Qh7 53.Qg3 Nb5 54.Rd2 Qe4 55.Ne2 Nb8 56.h4 Nd7 57.Nf4 Nf8 58.Re2 Qf5
59.Qg5 Qb1 60.Nh5 Ng6 61.Ng3 Nxc3 62.bxc3 Qa1 63.h5 b2 64.hxg6 fxg6 65.f7 Bxf7
66.Qe7+ Ka6 67.Qd6+ Ka7 68.Qc7+ Ka6 69.Qc6+ Ka7 70.Rf2  1-0

[Event "New York op"]
[Site "New York"]
[Date "1993.??.??"]
[Round "4"]
[White "Anderson, Renard"]
[Black "Fishbein, Alexander"]
[Result "0-1"]
[WhiteElo "2275"]
[BlackElo "2510"]

1.e4 c5 2.Nf3 Nc6 3.Bb5 g6 4.O-O Bg7 5.Re1 e5 6.a4 Nge7 7.d3 O-O 8.Nc3 h6
9.Bc4 d6 10.Bd2 Kh7 11.Nd5 Nxd5 12.Bxd5 Be6 13.Bxe6 fxe6 14.c3 Qe8 15.Rf1 g5
16.Ne1 Qg6 17.Nc2 g4 18.Be3 b6 19.Na3 Rad8 20.Qe2 d5 21.Bc1 h5 22.b3 h4 23.Bd2 h3
24.Rad1 Na5 25.b4 Nb3 26.Nb1 cxb4 27.cxb4 Nd4 28.Qe3 hxg2 29.Kxg2 Qh5 30.h4 Nf3
31.Rh1 d4 32.Qe2 Kg8 33.Bg5 Bf6 34.Qa2 Rde8 35.Nd2 Bxg5 36.hxg5 Nh4+ 37.Kg1 g3  0-1

[Event "New York Enhance"]
[Site "New York"]
[Date "1993.??.??"]
[Round "5"]
[White "Kreiman, Boris"]
[Black "Waitzkin, Joshua"]
[Result "1/2-1/2"]
[WhiteElo "2400"]
[BlackElo "2370"]

1.e4 c5 2.Nf3 Nc6 3.Bb5 e6 4.O-O Nge7 5.b3 a6 6.Be2 d5 7.exd5 exd5 8.Re1 g6
9.Bb2 d4 10.c3 Bg7 11.cxd4 cxd4 12.Na3 O-O 13.Bf1 b5 14.d3 Nd5 15.Nc2 Nc3
16.Qd2 b4 17.a3 Na5 18.Nfxd4 Bxd4 19.Nxd4 Qxd4 20.axb4 Nxb3 21.Bxc3 Nxd2
22.Bxd4 Nxf1 23.Rxf1 Bf5 24.Rfd1 Rfd8 25.Bf6 Rxd3 26.Rxd3 Bxd3 27.Rd1 Bb5
28.g4 Re8 29.Kg2 Re6 30.g5 h5 31.Kg3 Re8 32.Kf4 Re6 33.Be5 Re8 34.Rc1 Re6
35.Ke4 Bc6+ 36.Kd4 Kf8 37.f4 Ke7 38.Rd1 Bb5 39.Bf6+ Kd7 40.Kc3+ Rd6 41.Bd4 Ke6
42.Re1+ Kf5 43.Re7 Rc6+ 44.Kd2 Bc4 45.Ke3 Kg4 46.Re5 Kh3 47.Kf2 Kxh2 48.f5 Kh3
49.fxg6 fxg6 50.Rc5 Rxc5 51.Bxc5 h4 52.Kg1 Kg3 53.Bd6+ Kg4 54.Be7  1/2-1/2

[Event "New York ACC"]
[Site "New York"]
[Date "1993.??.??"]
[Round "11"]
[White "Paglietti, Nicola"]
[Black "Bonin, Jay R"]
[Result "0-1"]
[WhiteElo "2365"]
[BlackElo "2385"]

1.e4 c5 2.Nf3 Nc6 3.Bb5 e6 4.O-O Nge7 5.Re1 Nd4 6.Bf1 b6 7.c3 Nxf3+ 8.Qxf3 Bb7
9.Qg3 Ng6 10.d3 Be7 11.Qe3 O-O 12.g3 f5 13.exf5 Rxf5 14.Bg2 Bxg2 15.Kxg2 Re5
16.Qxe5 Nxe5 17.Rxe5 Qc7 18.Re1 Qc6+ 19.Kg1 h5 20.Be3 h4 21.Nd2 h3 22.f3 Rf8
23.Rad1 Qb5 24.b3 Qxd3 25.Ne4 Qb5 26.Nf2 Rxf3 27.Nxh3 Bf6 28.Kg2 Qc6  0-1

[Event "Nikolaev zt"]
[Site "Nikolaev"]
[Date "1993.??.??"]
[Round "?"]
[White "Timoshenko, Georgy"]
[Black "Verdihanov, Vladislav"]
[Result "1/2-1/2"]
[WhiteElo "2515"]
[BlackElo "2270"]

1.e4 c5 2.Nf3 Nc6 3.Bb5 e6 4.O-O Nge7 5.b3 Ng6 6.Bb2 f6 7.Re1 Be7 8.c3 O-O
9.d4 a6 10.Bf1 d5 11.Nbd2 cxd4 12.cxd4 Bd7 13.a3 Na7 14.exd5 exd5 15.g3 Re8
16.Bg2 Bf8 17.Nf1 Rxe1 18.Nxe1 Be6 19.Ne3 Qd7 20.Nd3 Rd8 21.b4 Bf7 22.h4 Nb5
23.Rc1 b6 24.h5 Ne7 25.Nf4 g6 26.hxg6 hxg6 27.Qf3 Bg7 28.Re1 Nc7 29.Bh3 Qd6
30.Nd3 Nc6 31.Qd1 Re8 32.Bg2 Bh6 33.Ng4 Rxe1+ 34.Nxe1 Bg7 35.Nc2 f5 36.Nh2 a5
37.bxa5 Nxa5 38.Bc1 Ne6 39.Nf3 Nc4 40.Qd3 Bf6 41.Bd2 Nxd2 42.Qxd2 Nd8 43.Ng5 Nc6
44.Nxf7 Kxf7 45.Qd3 Kg7 46.Bf3 Qe6 47.Kg2 Qd6 48.Qe3 Kf7 49.Kf1 Kg7 50.Be2 Ne7
51.Bb5 Nc6 52.Kg2 Nd8  1/2-1/2

[Event "Nikolaev zt"]
[Site "Nikolaev"]
[Date "1993.??.??"]
[Round "?"]
[White "Golubev, Mihail"]
[Black "Verdihanov, Vladislav"]
[Result "1-0"]
[WhiteElo "2495"]
[BlackElo "2270"]

1.e4 c5 2.Nf3 Nc6 3.Bb5 e6 4.O-O Nge7 5.b3 a6 6.Bxc6 Nxc6 7.Bb2 f6 8.Nh4 g6
9.f4 Qe7 10.f5 gxf5 11.exf5 e5 12.c4 b5 13.Nc3 Rb8 14.Nd5 Qf7 15.Qg4 Ne7
16.Nc3 bxc4 17.Ne4 Nc6 18.Ng6 Rg8 19.Qh4 hxg6 20.fxg6 Qe7 21.Nxf6+ Kd8 22.Qh5 Rg7
23.Nd5 Qd6 24.Qg5+ Ke8 25.Bxe5 Nxe5 26.Rxf8+  1-0

[Event "Nikolaev zt"]
[Site "Nikolaev"]
[Date "1993.??.??"]
[Round "?"]
[White "Komliakov, Viktor"]
[Black "Verdihanov, Vladislav"]
[Result "1-0"]
[WhiteElo "2435"]
[BlackElo "2270"]

1.e4 c5 2.Nf3 Nc6 3.Bb5 e6 4.Bxc6 bxc6 5.O-O Ne7 6.d3 Ng6 7.Ng5 Be7 8.Qh5 Bxg5
9.Bxg5 Qb6 10.Nd2 e5 11.Nc4 Qc7 12.f4 h6 13.f5 hxg5 14.Qxg5 d5 15.fxg6 f6
16.Rxf6 dxc4 17.Rf7 Qd6 18.Rxg7 cxd3 19.Rd1 c4 20.cxd3 Rb8 21.Rxa7 Rg8 22.d4 exd4
23.g7 Rb5 24.e5 Rxe5 25.Qh4 d3 26.Qxc4 Be6 27.Qxd3 Qc5+ 28.Qd4 Qxd4+ 29.Rxd4 Bf7
30.Rb4 Rb5 31.Re4+  1-0

[Event "Nikolaev zt"]
[Site "Nikolaev"]
[Date "1993.??.??"]
[Round "?"]
[White "Nevednichy, Vladislav"]
[Black "Moskalenko, Viktor"]
[Result "1/2-1/2"]
[WhiteElo "2495"]
[BlackElo "2555"]

1.e4 c5 2.Nf3 Nc6 3.Bb5 e6 4.Bxc6 bxc6 5.d3 Ne7 6.Bd2 Ng6 7.h4 h5 8.e5 f6
9.Qe2 Nxe5 10.Nxe5 fxe5 11.Qxe5 Qf6 12.Bc3 Qxe5+ 13.Bxe5 d6 14.Bg3 Be7 15.Nd2 e5
16.f4 exf4 17.Bxf4 Be6 18.Ne4 Kd7 19.O-O Bd5 20.Bg5 Rae8 21.Rae1 Bxg5 22.Nxg5 Rxe1
23.Rxe1 Re8 24.Rxe8 Kxe8 25.c4 Bf7 26.Kf2 Bg6 27.Ke3 Ke7 28.Nf3 Kf6 29.d4 Kf5
30.dxc5 dxc5 31.b3 a5 32.g3 Kf6 33.Kf4 Bb1 34.Nd2 Bxa2 35.Ne4+ Ke7 36.Nxc5 Kd6
37.Ne4+ Kc7 38.Nc5 Kd6 39.Ne4+ Kc7 40.Nc5 Kd6  1/2-1/2

[Event "Nis op"]
[Site "Nis"]
[Date "1993.??.??"]
[Round "?"]
[White "Vratonjic, Slobodan"]
[Black "Djukic, Zeljko"]
[Result "1/2-1/2"]
[WhiteElo "2400"]
[BlackElo "2370"]

1.e4 c5 2.Nf3 Nc6 3.Bb5 g6 4.Bxc6 dxc6 5.d3 Bg7 6.h3 Nf6 7.Nc3 O-O 8.Be3 b6
9.Qd2 Ne8 10.Bh6 f6 11.O-O e5 12.Nh2 g5 13.Bxg7 Nxg7 14.Ne2 h5 15.h4 Ne8
16.c3 Rf7 17.Rfd1 Ba6 18.Qe3 Rd7 19.hxg5 Rxd3 20.Rxd3 Qxd3 21.Qxd3 Bxd3 22.Ng3  1/2-1/2

[Event "Nis op"]
[Site "Nis"]
[Date "1993.??.??"]
[Round "?"]
[White "Govedarica, Radovan"]
[Black "Kiroski, Toni"]
[Result "0-1"]
[WhiteElo "2395"]
[BlackElo "2235"]

1.e4 c5 2.Nf3 Nc6 3.Bb5 g6 4.O-O Bg7 5.Re1 e5 6.Bxc6 dxc6 7.h3 Qe7 8.d3 Nf6
9.Be3 O-O 10.Nc3 b6 11.a4 a5 12.Qc1 Ne8 13.Bh6 Nc7 14.Bxg7 Kxg7 15.Ne2 f6
16.Nd2 Ne6 17.Nc4 Qc7 18.Rf1 Nf4 19.Nxf4 exf4 20.f3 Be6 21.b3 b5 22.Nb2 Qe5
23.Nd1 c4 24.bxc4 bxc4 25.Nf2 c5 26.Rd1 g5 27.Qd2 Rfd8 28.Rab1 c3 29.Qe1 Rab8
30.Rdc1 Rb4 31.Nd1 c4 32.Qxc3 Qxc3 33.Nxc3 cxd3 34.cxd3 Rxd3 35.e5 Rxc3  0-1

[Event "NLD-ch"]
[Site "?"]
[Date "1993.??.??"]
[Round "?"]
[White "Martens, Martin"]
[Black "Nijboer, Friso"]
[Result "1-0"]
[WhiteElo "2440"]
[BlackElo "2505"]

1.e4 c5 2.Nf3 Nc6 3.Bb5 g6 4.O-O Bg7 5.Re1 Nf6 6.c3 O-O 7.h3 Ne8 8.Bxc6 bxc6
9.d4 cxd4 10.cxd4 Nc7 11.Nc3 Rb8 12.Na4 d6 13.b3 f5 14.e5 Be6 15.Bf4 Qd7
16.Rc1 Nb5 17.Qd2 Bd5 18.Nh2 Qb7 19.Nc3 Nxc3 20.Qxc3 Rfd8 21.Qg3 Qb4 22.Nf3 Rb7
23.h4 Bxf3 24.Qxf3 Qxd4 25.exd6 exd6 26.Qxc6 Rf7 27.Bg5 Bf6 28.Rcd1 Qb2 29.Rxd6 Rxd6
30.Qxd6 Kg7 31.Qf4 Bxg5 32.hxg5 a5 33.Re8 Rd7 34.g3 Qd4 35.Re7+ Kf8 36.Qxd4 Rxd4
37.Rxh7 a4 38.Rh4 Rd1+ 39.Kg2 axb3 40.axb3 Ke7 41.Rh7+  1-0

[Event "NLD-ch"]
[Site "?"]
[Date "1993.??.??"]
[Round "?"]
[White "Riemersma, Liafbern"]
[Black "Ree, Hans"]
[Result "1-0"]
[WhiteElo "2415"]
[BlackElo "2445"]

1.e4 c5 2.Nf3 Nc6 3.Bb5 g6 4.Bxc6 dxc6 5.h3 Bg7 6.d3 b6 7.Nc3 Nh6 8.Be3 f6
9.Qd2 Nf7 10.O-O-O e5 11.Nh2 Be6 12.f4 Qe7 13.Nf3 O-O-O 14.fxe5 fxe5 15.Ng5 c4
16.Rhf1 Rd7 17.Nxe6 Qxe6 18.Qe2 cxd3 19.Rxd3 Rxd3 20.Qxd3 Kb7 21.a4 Rd8 22.Rxf7+  1-0

[Event "NLD-chT"]
[Site "?"]
[Date "1993.??.??"]
[Round "3"]
[White "Los, Sander"]
[Black "Cifuentes Parada, Roberto"]
[Result "0-1"]
[WhiteElo "2320"]
[BlackElo "2480"]

1.e4 c5 2.Nf3 Nc6 3.Bb5 d6 4.O-O Bd7 5.Re1 Nf6 6.c3 a6 7.Bxc6 Bxc6 8.d4 Bxe4
9.Bg5 Bc6 10.Bxf6 gxf6 11.d5 Bd7 12.Nbd2 e5 13.dxe6 Bxe6 14.Ne4 Be7 15.Nh4 Qd7
16.Qf3 O-O-O 17.Ng3 Rhg8 18.Nhf5 Rg5 19.h4 Rg6 20.b4 d5 21.Qe3 Bf8 22.bxc5 Bxf5
23.c6 Qxc6 24.Nxf5 Kb8 25.Qf3 Qc4 26.Rab1 Qg4 27.Qxg4 Rxg4 28.Rb6 Rf4 29.Rxf6 Bc5
30.Re2 Rd7 31.g3 Rf3 32.Rc2 d4 33.cxd4 Bxd4 34.Rd6 Rxd6 35.Nxd6 Rxg3+ 36.Kh2 Rf3
37.Rc8+ Ka7 38.Rc7 Be5+  0-1

[Event "NLD-chT"]
[Site "?"]
[Date "1993.??.??"]
[Round "5"]
[White "Booij, Johan"]
[Black "Westerveld, W J."]
[Result "1/2-1/2"]
[WhiteElo "2275"]
[BlackElo "2245"]

1.e4 c5 2.Nf3 Nc6 3.Bb5 g6 4.O-O Bg7 5.c3 Nf6 6.Re1 O-O 7.h3 Qb6 8.Na3 a6
9.Bxc6 Qxc6 10.d4 cxd4 11.Nxd4 Qc7 12.e5 Ne8 13.Bg5 f6 14.exf6 Bxf6 15.Bxf6 Nxf6
16.Rxe7 Qf4 17.Qe2 b5 18.Nac2 Nd5 19.Re4 Qd6 20.Qd3 Bb7 21.f3 Nf4  1/2-1/2

[Event "Odorheiu Secuiesc-B"]
[Site "Odorheiu Secuiesc"]
[Date "1993.??.??"]
[Round "3"]
[White "Botvinnik, Ilia"]
[Black "Itkis, Boris"]
[Result "1/2-1/2"]
[WhiteElo "2395"]
[BlackElo "2430"]

1.e4 c5 2.Nf3 Nc6 3.Bb5 e6 4.O-O Nge7 5.b3 Nd4 6.Nxd4 cxd4 7.Ba3 a6 8.Bd3 d6
9.c3 Nc6 10.Bb2 Be7 11.Na3 Bf6 12.Nc2 dxc3 13.dxc3 O-O 14.Ne3 Ne5  1/2-1/2

[Event "Odorheiu Secuiesc-B"]
[Site "Odorheiu Secuiesc"]
[Date "1993.??.??"]
[Round "4"]
[White "Komliakov, Viktor"]
[Black "Vajda, Albert"]
[Result "1-0"]
[WhiteElo "2440"]
[BlackElo "2180"]

1.e4 c5 2.Nf3 Nc6 3.Bb5 e6 4.Bxc6 bxc6 5.O-O Ne7 6.d3 Ng6 7.Ng5 f6 8.Nh3 e5
9.f4 exf4 10.Qh5 Qe7 11.Bxf4 d6 12.Bg3 Bd7 13.Nd2 Qf7 14.Ng5 Qg8 15.Ngf3 Qf7
16.b4 cxb4 17.Qa5 Be7 18.Nc4 O-O 19.Nxd6 Qe6 20.Nd4 Qg4 21.Qxb4 Kh8 22.Qe1 c5
23.N4f5 Bd8 24.h3 Qh5 25.Bf2 c4 26.Nxc4 Bxf5 27.exf5 Qxf5 28.Bxa7 Qd5 29.Qf2 Ne5
30.Qc5 Qxc5+ 31.Bxc5 Re8 32.Nxe5 fxe5 33.c4 Bf6 34.a4 Rec8 35.Bb6 e4 36.Rad1 Rxa4
37.dxe4 Raxc4 38.Rfe1 Re8 39.e5 Bh4 40.Re2 Rc6 41.Bf2 Bg5 42.g3 h6 43.h4 Bd8
44.Kg2 Bc7 45.Rd5 Rce6 46.Bd4 Rf8 47.Rf2 Kg8 48.Rxf8+ Kxf8 49.Kf3 Ke8 50.Ke4 Rg6
51.Bf2 Ra6 52.Rb5 Kd7 53.Kd5 Re6 54.Bd4 Rg6 55.Rb7 Kc8 56.Ra7 Rxg3 57.e6 Rg2
58.Ra8+  1-0

[Event "Odorheiu Secuiesc-B"]
[Site "Odorheiu Secuiesc"]
[Date "1993.??.??"]
[Round "4"]
[White "Iordachescu, Viorel"]
[Black "Botvinnik, Ilia"]
[Result "0-1"]
[WhiteElo "2375"]
[BlackElo "2395"]

1.e4 c5 2.Nf3 Nc6 3.Bb5 g6 4.Bxc6 bxc6 5.O-O Bg7 6.Re1 f6 7.c3 Nh6 8.d4 cxd4
9.cxd4 O-O 10.Nc3 d6 11.h3 Nf7 12.Bf4 e5 13.Bh2 Qb6 14.Na4 Qa6 15.Rc1 Be6
16.b3 Rac8 17.Rc2 Rfe8 18.Rd2 Qa5 19.Rde2 c5 20.dxe5 dxe5 21.Rb2 Qb4 22.Nd2 Bh6
23.Nb1 Red8 24.Qe2 c4 25.Nac3 cxb3 26.Nd5 Bxd5 27.exd5 Rc2  0-1

[Event "Odorheiu Secuiesc-B"]
[Site "Odorheiu Secuiesc"]
[Date "1993.??.??"]
[Round "5"]
[White "Zetocha, Claudiu"]
[Black "Spulber, Cicerone"]
[Result "1-0"]
[WhiteElo "2300"]
[BlackElo "2365"]

1.e4 c5 2.Nf3 Nc6 3.Bb5 g6 4.O-O Bg7 5.c3 e5 6.b4 cxb4 7.d4 exd4 8.cxd4 d5
9.Bg5 Ne7 10.Bxc6+ bxc6 11.exd5 Qxd5 12.Bxe7 Kxe7 13.Qe1+ Be6 14.Qxb4+ c5
15.Qa3 Bxd4 16.Nc3 Bxc3 17.Qxc3 Rhd8 18.Rfe1 Rac8 19.h4 c4 20.Rac1 Rd6 21.Re3 Qf5
22.Rce1 Rd3 23.Rxe6+ fxe6 24.Qg7+ Kd6 25.Ne5 Rc7 26.Qh8 Kc5 27.Qb8 Rdd7 28.Nxd7+ Rxd7
29.Qc8+ Kd6 30.Rd1+ Qd3 31.Rxd3+ cxd3 32.Kf1 e5 33.f3 d2 34.Ke2 Ke7 35.Kd1 Ke6
36.Qe8+  1-0